000 00210nam a2200085Ia 4500
008 120527s9999 xx 000 0 und d
100 _aCase & Johnson
245 _aLaboratory experiencein microbilogy
942 _cBK
999 _c27352
_d27352